Elektrotechnický náučný slovník. 8.zväzok : Využitie elektrickej energie
Gespeichert in:
| Hauptverfasser: | , |
|---|---|
| Format: | Buch |
| Sprache: | Slowakisch |
| Veröffentlicht: |
Bratislava :
Alfa,
1990
|
| Ausgabe: | 1.vyd. |
| Schlagworte: | |
| Tags: |
Keine Tags, Fügen Sie das erste Tag hinzu!
|
MARC
| LEADER | 00000nam a22000003a 4500 | ||
|---|---|---|---|
| 001 | stu35877 | ||
| 005 | 20221207095815.8 | ||
| 008 | 920515s1990----cs------------------slo-d | ||
| 040 | |a STU |b slo | ||
| 041 | 0 | |a slo | |
| 044 | |a cs | ||
| 080 | |a 621.3 |7 stu_us_auth*stu8325 | ||
| 080 | |a 621.314(038) | ||
| 100 | 1 | |a Polák, Karol, |d 1932- |4 aut |u M150 |U MTF Ústav výrobných technológií |T MTF Katedra tvárnenia |X 3620 |U M150 |Y M150 |7 A000003620 | |
| 245 | 1 | |a Elektrotechnický náučný slovník. 8.zväzok : |b Využitie elektrickej energie | |
| 250 | |a 1.vyd. | ||
| 260 | |a Bratislava : |b Alfa, |c 1990 | ||
| 300 | |a 373 s | ||
| 650 | 7 | |a elektrotechnika |2 stusub | |
| 650 | 7 | |a slovníky náučné |2 stusub | |
| 650 | 7 | |a energia elektrická |2 stusub | |
| 650 | 7 | |a Slovníky technické |2 stusub | |
| 700 | 1 | |a a kol. |4 aut | |
| 996 | |b 284M038770 |c M*179/8-1 |l MMST |s A |a 24 |w stu35877_0001 | ||
| 996 | |b 284M044156 |c M*179/8-2 |l MMKN |s A |a 24 |w stu35877_0002 | ||